Programming in visual basic 6.0 (Record no. 54997)

MARC details
000 -LEADER
fixed length control field 00585nam a2200145 a 4500
008 - FIXED-LENGTH DATA ELEMENTS--GENERAL INFORMATION
fixed length control field 130829s1999 ||||||||||||||||| || u
050 ## - LIBRARY OF CONGRESS CALL NUMBER
Classification number QA 76.73 BRA
100 ## - MAIN ENTRY--PERSONAL NAME
Personal name Millspaugh, Anita C
245 10 - TITLE STATEMENT
Title Programming in visual basic 6.0
Statement of responsibility, etc. by Julia Case Bradley; Anita C. Millspaugh
260 ## - PUBLICATION, DISTRIBUTION, ETC.
Place of publication, distribution, etc. Boston:
Name of publisher, distributor, etc. McGraw-Hill
Date of publication, distribution, etc. 1999
650 ## - SUBJECT ADDED ENTRY--TOPICAL TERM
Topical term or geographic name entry element MICROSOFT VISUAL BASIC
650 ## - SUBJECT ADDED ENTRY--TOPICAL TERM
Topical term or geographic name entry element BASIC COMPUTER--LANGUAGE
700 ## - ADDED ENTRY--PERSONAL NAME
Personal name Bradley, Julia Case
995 ## - RECOMMENDATION 995 [LOCAL, UNIMARC FRANCE]
-- CBU-MAIN LIBRARY (Kitwe)
-- 1
-- AVAILABLE
-- Sep 9, 2013
-- Main Library Open Access Collection
Holdings
Withdrawn status Lost status Source of classification or shelving scheme Damaged status Not for loan Home library Current library Shelving location Date acquired Total Checkouts Full call number Barcode Date last seen Price effective from Koha item type
          CBU-MAIN LIBRARY, KITWE. CBU-MAIN LIBRARY, KITWE.   11/30/2022   QA 76.73 BRA 744231 11/30/2022 11/30/2022 MONOGRAPH